Východní Evropa mezi hodnotovou vizí a mocenskou revizí
Rozpad Sovietskeho zväzu a vízia ruských politikov o vytvorení vlastného civilizačného priestoru s vlastnými hodnotami. Základy súčasnej ruskej zahraničnej politiky. Od defenzívy k revízii. Koncept obmedzenej suverenity. Euroázijská integrácia. Projekt Východného partnerstva.
Salvato in:
| Autore principale: | |
|---|---|
| Natura: | Capitolo di libro |
| Lingua: | ceco |
| Soggetti: | |
| Tags: |
Nessun Tag, puoi essere il primo ad aggiungerne!!
|
MARC
| LEADER | 00000nla a2200000 4500 | ||
|---|---|---|---|
| 001 | 0196311 | ||
| 005 | 20240417075052.6 | ||
| 041 | 0 | |a cze | |
| 044 | |a CZ | ||
| 245 | 1 | 0 | |a Východní Evropa mezi hodnotovou vizí a mocenskou revizí |c Jaroslav Kurfürst |
| 520 | |a Rozpad Sovietskeho zväzu a vízia ruských politikov o vytvorení vlastného civilizačného priestoru s vlastnými hodnotami. Základy súčasnej ruskej zahraničnej politiky. Od defenzívy k revízii. Koncept obmedzenej suverenity. Euroázijská integrácia. Projekt Východného partnerstva. | ||
| 610 | 2 | 0 | |a politika zahraničná |
| 610 | 2 | 0 | |a integrácia ekonomická medzinárodná |
| 610 | 2 | 0 | |a geopolitika |
| 610 | 2 | 0 | |a Rusko |
| 610 | 2 | 0 | |a Európa |
| 100 | 1 | |a Kurfürst, Jaroslav | |